000 00678cam a22002411 4500
999 _c8414
_d8414
001 8414
003 BD-JhCC
005 20180224093422.0
008 720121s1964 enkab b 000 0 eng
035 _a(BD-JhCC)8414
040 _aDLC
_cDLC
_dDLC
_dOCoLC
041 _aeng
050 0 0 _aDK28
_b.M444 1964
082 0 0 _a914.7
_bMEL 1964
100 1 _aMellor, Roy E. H.
245 1 0 _aGeography of the U.S.S.R.,
_cby R. E. H. Mellor.
260 _aLondon,
_bMacmillan;
_aNew York,
_bSt. Martin's Press,
_c1964.
300 _axv, 402 p.
_billus., maps.
_c23 cm.
504 _aBibliography: p. 377-381.
651 0 _aSoviet Union
_xGeography.
942 _2ddc
_cBK